| 000 | 00761nam a22002417a 4500 | ||
|---|---|---|---|
| 005 | 20170124105928.0 | ||
| 010 | _aB-019025 | ||
| 020 |
_c00 _a8176292524 |
||
| 035 | _aB-019025 | ||
| 037 | _bCen Lib/Ret | ||
| 040 |
_aDPL _bEN |
||
| 082 |
_a340.070 _bMEH |
||
| 100 |
_aMehta, P.L. _93562 |
||
| 245 |
_aLegal education and profession in india / _cby P.L. Mehta, Shushma Gupta |
||
| 260 |
_aDeep & Deep Publications _bNew Delhi _c2000 |
||
| 270 |
_bNew Delhi _aF-159, rajouri garden _e110027 |
||
| 300 |
_axiv, 338p. _c20cm(Hb) |
||
| 500 | _aIncludes bibliographical references and index | ||
| 650 |
_aLaw _9104 |
||
| 650 |
_aLegal professions _zIndia _97278 |
||
| 700 |
_aGupta, Shushma _97279 |
||
| 942 |
_2ddc _cEN _h340.070 _mMEH |
||
| 999 |
_c123629 _d123629 |
||